000 01454nam a2200325 4500
003 EC-UNACH
005 20251015090308.0
006 s||||gr|||| 00| 00
008 150116t9999 mx r gr 000 0 spa d
020 _a978-958-762-001-6
040 _aEC-UNACH
_cEC-UNACH
041 _aspa
082 0 4 _223
_a613.62
_bL011535
110 _aEdiciones de la U
245 _aSalud ocupacional : Guía práctica
250 _aPrimera edición
264 _aBogotá -Colombia
_bEdiciones de la U
_c2012
300 _a195 páginas
_bTablas
505 _aContenido -- Capítulo 1. Saludo ocupacional o del trabajo -- Capítulo 2. La enfermedad como proceso -- Capítulo 3. La salud ocupacional y sus programas -- Capítulo 4. Seguridad ocupacional o industrial -- Capítulo 5. Enfermedad profesional -- Capítulo 6. Accidentes de trabajo -- Capítulo 7. Factores de riesgo ocupacionales y panorama de riesgos -- Capítulo 8. Salud ocupacional y vigilancia -- Capítulo 9. La salud ocupacional y la calidad -- Capítulo 10. Los primeros auxilios -- Bibliografía.
650 _aEL MEDIO AMBIENTE
650 _aHIGIENE INDUSTRIAL
650 _aMEDICINA PREVENTIVA
650 _aPRIMEROS AUXILIOS
700 _aÁlvarez Heredia, Francisco
700 _aFaizal GeaGea, Enriqueta
942 _c1
_2ddc
999 _c14005